1775 1900 1561 1908 1780 1476 1915 1070 1564 1913 1791 1851 1918 1360 1791 1790 1745 1511 1029 1180 1206 1783 1381 1459 1009 1123 1811 1814 1411 1912 1304 1768 1391 1355 1697 1229 1191 1023 1865 1518 1855 1673 1616 1393 1660 1228 1007 1012 1274 1820 1903 1875 1060 1667 1381 1799 1827 1901 1959 1469 1600 1582 1694 1006 1963 1940 1874 1960 1712 1859 1811 1329 1128 1079 1524 1705 1246 1732 1882 1910 1564 1710 1664 1371 1294 1469 1888 1743 1027 1102 1370 1676 1094 1558 1146 1821 1316 1147 1199 BCNSPRNW ULIB Ver.6.0+V

เปลี่ยนเป็นภาษาไทย

Change to English
 แสดงรายละเอียดบรรณานุกรม
  กลับหน้าหลัก

Brief Record : Get Marc (ISO 2709) : E-mail record : QR code < ปิดหน้าต่าง
LEADER : 00000nam 2200000uu 4500
001    13399122509
003     ULIB
008    990916s2542 th a m 000 0 tha d
020    ^a9746628054
099    ^aวพ.WK850^bอ282ป
100 0  ^aอภิรดี ปลอดในเมือง
245 10 ^aประสิทธิภาพของโครงการสนับสนุนและให้ความรู้เพื่อปรับปรุงการรับรู้สมรรถนะในการดูแลตนเองและภาวะการควบคุมโรคในผู้ป่วยเบาหวานประเภทที่ 2 ที่ควบคุมโรคไม่ได้ =^bThe effectiveness of educative-supportive program to improve perceived self-care efficacy and diabetic control in uncontrolled type 2 dialbetic patients /^cอภิรดี ปลอดในเมือง
246 31 ^aThe effectiveness of educative-supportive program to improve perceived self-care efficacy and diabetic control in uncontrolled type 2 dialbetic patients
260    ^a^c2542
300    ^aก-ฎ, 163 แผ่น :^bภาพประกอบ (สีบางภาพ) ;^c30 ซม.
500    ^aSend to Single Search
502    ^aวิทยานิพนธ์ (พย.ม. (การพยาบาลผู้ใหญ่))--มหาวิทยาลัยมหิดล, 2542
610 24 ^aมหาวิทยาลัยมหิดล^xวิทยานิพนธ์
650  4 ^aการดูแลตนเอง
650  4 ^aเบาหวาน^xการป้องกันและควบคุม
691    ^aพย.ม. (2542)
692    ^aการพยาบาลผู้ใหญ่ (มหาวิทยาลัยมหิดล 2542)
700 0  ^aสมจิต หนุเจริญกุล,^eที่ปรึกษา
710 2  ^aมหาวิทยาลัยมหิดล
945    ^p0^l0^i012214
999    ^aกมลทิพย์ ธนสารสุธี
รายการนี้ยังไม่มีแท็ก
คุณยังไม่ได้ล็อกอิน คุณสามารถมีกิจกรรมร่วมกับเว็บไซต์ได้ แต่ต้องล็อกอินก่อน ::
  ล็อกอิน

รายการสื่อสารสนเทศ

ลำดับที่ ประเภท เลขเรียก/บาร์โค้ด สถานที่ สถานะ
1. วิทยานิพนธ์
วิทยานิพนธ์
วพ.WK850 อ282ป  
  Barcode: 012214
ห้องสมุดวิทยาเขตสวรรค์ประชารักษ์
► วิทยานิพนธ์
บนชั้น

รายการใกล้เคียง
    หัวเรื่อง [การดูแลตนเอง]
    หัวเรื่อง [เบาหวาน การป้องกันและควบคุม]

BibComment


ยังไม่เคยถูกคอมเมนท์

คอมเมนท์ทรัพยากรรายการนี้
  คอมเมนท์: ประสิทธิภาพของโค..


 Copyright 2026. Bcnsprnw @Library